| 000 | 00550nam a2200193 i 4500 | ||
|---|---|---|---|
| 001 | 51136 | ||
| 003 | ES-MaACL | ||
| 005 | 20230906162314.0 | ||
| 007 | t| | ||
| 008 | 030811s1963 sp ||||1| spa d | ||
| 245 | 0 | 0 |
_aCuerpo y misterio _b: la Iglesia y la vida sacramental. |
| 260 |
_aVitoria : _bJesús Obrero, _c1963. |
||
| 300 |
_a184 p., 7 lám. : _bil. ; _c22 cm. |
||
| 490 | 1 | _aJesús Obrero | |
| 830 | 0 |
_aJesús Obrero _9183662 |
|
| 852 |
_aES-MaACL _jC-25770 _bR.54597 |
||
| 852 |
_aES-MaACL _jC-25769 _bR.54675 |
||
| 999 |
_c51136 _d51136 |
||